00385nam a2200145Ia 4500008004100000040001900041041001200060082002400072100002000096245004400116260003500160300001800195650000800213850001800221131103s9999 xx 000 0 und d aLoreto College aEnglish aMIS/CURbLCBED/9099 aCurrie, Fr. Joe 4aThe barefoot counsellorcFr. Joe Currie aBangalorebAsian tradingc1976 a191p.b 22cm. aMIS aLCBED/MIS/CUR